Die internationale ökonomischen Organisationen der RGW-Länder Rechtsfragen

Gespeichert in:
Bibliographische Detailangaben
1. Verfasser: Rüster, Lothar
Format: Buch
Sprache:Deutsch
Veröffentlicht: Berlin Staatsverlag der Deutschen Demokratischen Republik 1980
Schlagworte:
Tags: Tag hinzufügen
Keine Tags, Fügen Sie das erste Tag hinzu!

MARC

LEADER 00000nam a2200000 4500
001 c141235
005 20260325070708.3
041 0 |a ger 
044 |a DE 
245 1 0 |a Die internationale ökonomischen Organisationen der RGW-Länder  |b Rechtsfragen  |c Lothar Rüster 
264 1 |a Berlin  |b Staatsverlag der Deutschen Demokratischen Republik  |c 1980 
300 |a 157 s. 
610 2 0 |a RVHP 
100 1 |a Rüster, Lothar